| 000 | 00832nam a2200229 i 4500 | ||
|---|---|---|---|
| 001 | 33674 | ||
| 003 | ES-MaACL | ||
| 007 | t| | ||
| 008 | 030203s1973 mx ||||1| spa d | ||
| 100 | 1 |
_aBischof, Ledford S. _929000 |
|
| 245 | 1 | 0 |
_aInterpretación de las teorías de la personalidad... / _cLedford S. Bischof ; [traducción Federico Patán López ; revisión Rogelio Díaz-Guerrero, Roberto Helier Domínguez]. |
| 250 | _a1ª ed. | ||
| 260 |
_aMéxico : _bTrillas, _c1973. |
||
| 300 |
_a690 p. ; _c23 cm. |
||
| 490 | 1 | _aBiblioteca técnica de psicología | |
| 700 | 1 |
_aPatán López, Federico. _989551 |
|
| 700 | 1 |
_aDíaz-Guerrero, Rogelio. _944301 |
|
| 700 | 1 |
_aHelier Domínguez, Roberto. _962430 |
|
| 830 | 0 |
_aBiblioteca técnica de psicología _9182720 |
|
| 852 |
_aES-MaACL _jE-6274 _bR.90435 |
||
| 999 |
_c33674 _d33674 |
||